| 000 | 01014nam a22002417a 4500 | ||
|---|---|---|---|
| 999 |
_c8261 _d8261 |
||
| 003 | AR-CdUCM | ||
| 008 | 190322b ||||| |||| 00| 0 spa d | ||
| 020 | _a84-7214-057-1 | ||
| 040 |
_aMUNICIPALIDAD PROVINCIAL DEL CUSCO _cBIBLIOTECA MUNICIPAL DEL CUSCO |
||
| 082 |
_a697 / _bSP76 |
||
| 100 |
_aSprenger, Recknagel _923244 |
||
| 245 |
_aManual de calefacción y climatización : _bincluido preparacion de agua de consumo y tecnica del frio / |
||
| 260 |
_aMadrid : _bBlume, _c1972. |
||
| 300 |
_aXXIII 1376 paginas; _bIlustraciones, diagramas, cuadros, formulas, _c25 cm. |
||
| 500 | _aTitulo original : Taschenbuch fur heizung und klimatechnik | ||
| 505 | _aContenido : Aire puro -- Temperatura del aire -- Equilibrio homeotermico -- Gases -- Vapores -- Aire húmedo -- Economía del calor... | ||
| 650 |
_aCalefaccion _923245 |
||
| 650 |
_aTécnicas de medición _923246 |
||
| 650 |
_aCalor y energía _923247 |
||
| 700 |
_aMolina Bonilla, Jose ( Traductor) _923248 |
||
| 942 |
_2ddc _cLIBROS |
||
| 945 | _awnts | ||